Normal view
MARC view
- Nouman Latif
Entry Personal Name
001 - CONTROL NUMBER
- control field: 95933
003 - CONTROL NUMBER IDENTIFIER
- control field: NUST
005 - DATE AND TIME OF LATEST TRANSACTION
- control field: 20220730140655.0
008 - FIXED-LENGTH DATA ELEMENTS
- fixed length control field: 220730|| aca||aabn | a|a d
040 ## - CATALOGING SOURCE
- Original cataloging agency: NUST
- Transcribing agency: NUST
100 ## - HEADING--PERSONAL NAME
- Personal name: Nouman Latif
670 ## - SOURCE DATA FOUND
- Source citation: Work cat.: (NUST): Nouman Latif , TH-SOF-2012-Higher Order Barrier Function based Robust Non-linear Control of DC Microgrid, 2022.
